000 00398nam a2200157Ia 4500
003 LK-CoDNM
008 010623t1936 xxu||||| |||| 00| 1 eng d
040 _aLK-CoDNM
_dLK-CoDNM
_eLK-CoDNM
041 _aeng
080 _a10 U 22
100 _aFisher,H.A.L.
245 _aA History of Europe
260 _bEdward Arnold and Company
_aLondon
_c1936
300 _bxiv,1301p,maps., 21 cm
942 _cBK
999 _c97990
_d97990